000 00958nam a2200241 i 4500
001 19117
003 ES-MaACL
005 20231123155157.0
007 t|
008 020529s1999 sz ||||1| spa d
080 _a821.134.2 Díez, Luis Mateo 1.06(063)
111 2 _aGrand Séminaire (
_d1999.
_cNeuchâtel)
_9752
245 1 0 _aLuis Mateo Díez
_b: Grand Séminaire, Universidad de Neuchâtel, 26-28 de octubre de 1999.
260 _aNeuchâtel (Suiza) :
_bCentro de Investigación de Narrativa Española, Universidad de Neuchâtel,
_c1999.
300 _a264 p. :
_b1 retr. ;
_c21 cm.
490 1 _aCuadernos de narrativa ;
_v4
504 _aBibliografía: p. 253-264.
600 1 4 _aDíez, Luis Mateo,
_d1942-
_vCongresos y asambleas
_9172409
710 2 _aCentro de Investigación de Narrativa Española (Neuchâtel)
_92699
830 1 _aCuadernos de narrativa ;
_v4
_9228862
852 _aES-MaACL
_jL-25546
999 _c19117
_d19117